|
|
|
|
| LEADER |
00908nam a22002537i 4500 |
| 001 |
c000311819 |
| 003 |
CARM |
| 005 |
00000000000000.0 |
| 008 |
911010s1991 enk 00010 eng d |
| 015 |
|
|
|a b9160562
|
| 019 |
1 |
|
|a 8509194
|5 LACONCORD2021
|
| 020 |
|
|
|a 1854250477 (pbk) :
|c 7.99
|
| 020 |
|
|
|a 1854250477
|
| 035 |
|
|
|a (OCoLC)24796034
|5 LACONCORD2021
|
| 100 |
1 |
|
|a Watterson, Andrew.
|
| 245 |
1 |
0 |
|a Pesticides and your food /
|c Andrew Watterson.
|
| 260 |
|
|
|a London :
|b Green Print,
|c 1991.
|
| 300 |
|
|
|a 148 p. ;
|c 20cm.
|
| 500 |
|
|
|a Cover has subtitle: How to reduce the risks to your health.
|
| 650 |
|
0 |
|a Pesticide residues in food.
|
| 852 |
8 |
|
|b CARM
|h A3:AD19A0
|i A05479
|p 0472845
|f BK
|
| 082 |
0 |
4 |
|a 363.1792
|2 20
|
| 999 |
f |
f |
|i 9a0a0b7c-435d-514b-874c-82c01cc0d6f4
|s b7aed38f-e87a-5d3c-943d-11642847a73e
|
| 952 |
f |
f |
|p Can circulate
|a CAVAL
|b CAVAL
|c CAVAL
|d CARM 1 Store
|e A05479
|f A3:AD19A0
|h Other scheme
|i book
|m 0472845
|